Statistics for Nations Top 50 Christmas Songs- UK

Click here to take the quiz!

General Stats

  • This quiz has been taken 252 times
  • The average score is 19 of 50

Answer Stats

NumberClueAnswer% Correct
2Mariah CareyAll I want for Christmas is you
94%
4Wham!Last Christmas
91%
23Bing CrosbyWhite Christmas
85%
3Band AidDo they know it's Christmas
82%
1The Pogues & Kirsty McCollFairytale of New York
82%
38Bryan AdamsMerry Christmas
71%
8Paul McCartneyA Wonderful Christmas time
63%
11Shakin StevensMerry Christmas Everyone
61%
14Chris RheaDriving home for Christmas
60%
9WizzardI wish it could be Christmas everyday
60%
15Brenda Lee/ Kim WildeRocking around the Christmas tree
55%
13East 17Stay another day
52%
16Elton JohnStep into Christmas
52%
29Eartha Kitt/ KylieSanta baby
50%
7John Lennon & Yoko OnoHappy X-mas (War is over)
49%
49Bing Crosby & David BowieLittle Drummer boy
49%
40Boney MMarys boy child
43%
47Harry BelafonteMarys boy Child
43%
37Cliff RichardMistletoe and Wine
43%
42ElvisBlue Christmas
42%
21Jona LewieStop the cavalry
39%
35MUDLonely this Christmas
38%
10SladeMerry Xmas Everybody
38%
5Harry Reser /Jackson 5Santa Claus is coming to town
37%
20Dean MartinLet it snow!
34%
17The Pretenders2000 Miles
30%
25ColdplayChristmas lights
30%
41Frankie goes to hollywood/ Gabrielle AplanPower of love
30%
45Perry ComoWinter Wonderland
28%
39The DarknessChristmas time
27%
30The waitressesChristmas Wrapping
27%
43Johnny MathisWhen a child is born
26%
48Perry Como/ Michael BubleIt's beginning to look a lot like Christmas
25%
44Gene AutryRudolph the red nosed reindeer
25%
22Gene Autry/ Johnny MathisFrosty the snowman
23%
28Andy WilliamsIt's the most wonderful time of time of the year
22%
31Frank SinatraHave yourself a merry little Christmas
21%
24Greg LakeI Believe in Father Christmas
21%
34David EssexA Winters Tale
20%
27QueenThank god it's Christmas
20%
46Jimmy BoydI saw Mommy Kissing Santa Claus
18%
33Chris De BurghSpaceman came travelling
18%
12Leroy AndersonSleigh Ride
17%
26Nat King ColeChestnuts roasting on an open fire
14%
5016th Century carollersWe Wish you a merry Christmas
13%
32Charles Brown/ the EaglesPlease come home for Christmas
9%
19Darlene love/ Mariah CareyChristmas(baby please come home)
8%
18Connie Francis/ Gabrielle CilmiWarm this winter
5%
6Bing CrosbyDo you hear what I hear
4%
36Michael BubleCold December night
2%

Score Distribution

Percentile by Number Answered

Percent of People with Each Score

Your Score History

You have not taken this quiz